00842nam a22002057a 450000500170000000800410001704000250005804100080008308200230009111000810011424501040019526000950029930000150039465000250040965000480043465000450048265000350052765000430056265000310060520200104041522.0130918b xxu||||| |||| 00| 0 spa d aCO-BoIAVHcCO-BoIAVH aspa aIAvH-333.95 bI59b1 bInstituto de Investigación de Recursos Biológicos Alexander von Humboldt1 aBiodiversidad: variedad en el interior del mundo viviente,bGenes, especies, comunidades y paisajes aBogotábInstituto de Investigación de Recursos Biologicos Alexander von Humboldtc1996 a22 paginas 6aRecursos Genéticos 6aPrograma de biología de la conservación 6aPrograma de inventarios de biodiversidad 6aPrograma de uso y valoración 6aPrograma de política y legislación 6aPrograma de comunicación